Економіко-математичне моделювання (Record no. 359942)

MARC details
000 -LEADER
fixed length control field 00809nam a22002417a 4500
001 - CONTROL NUMBER
control field 73649
003 - CONTROL NUMBER IDENTIFIER
control field UA-OsUOA
005 - DATE AND TIME OF LATEST TRANSACTION
control field 20200424184954.0
007 - PHYSICAL DESCRIPTION FIXED FIELD--GENERAL INFORMATION
fixed length control field ta
008 - FIXED-LENGTH DATA ELEMENTS--GENERAL INFORMATION
fixed length control field 20110314b un ||||| |||| 00| 0 ukr d
020 ## - INTERNATIONAL STANDARD BOOK NUMBER
International Standard Book Number 978-966-654-242-0
040 ## - CATALOGING SOURCE
Original cataloging agency UA-OsUOA
Language of cataloging ukr
Transcribing agency UA-OsUOA
Modifying agency UA-OsUOA
041 ## - LANGUAGE CODE
Language code of text/sound track or separate title ukr
080 ## - UNIVERSAL DECIMAL CLASSIFICATION NUMBER
Universal Decimal Classification number 330.4(075.8)
090 ## - LOCALLY ASSIGNED LC-TYPE CALL NUMBER (OCLC); LOCAL CALL NUMBER (OCLC)
Classification number (OCLC) (R) ; Classification number, CALL (RLIN) (NR) 330.4(075.8)
Local cutter number (OCLC) ; Book number/undivided call number, CALL (RLIN) Е45
245 ## - TITLE STATEMENT
Title Економіко-математичне моделювання
Remainder of title навчальний посібник.
Statement of responsibility, etc за ред. О. Т. Іващука
260 ## - PUBLICATION, DISTRIBUTION, ETC. (IMPRINT)
Place of publication, distribution, etc Тернопіль
Name of publisher, distributor, etc ТНЕУ "Економічна думка"
Date of publication, distribution, etc 2008
300 ## - PHYSICAL DESCRIPTION
Extent 704 с.
650 #7 - SUBJECT ADDED ENTRY--TOPICAL TERM
Topical term or geographic name as entry element 330 Економіка взагалі
Source of heading or term UDC
942 ## - ADDED ENTRY ELEMENTS (KOHA)
Koha item type Books
Source of classification or shelving scheme Universal Decimal Classification
955 ## - COPY-LEVEL INFORMATION (RLIN)
Classification number, CCAL (RLIN) Навчальні видання
Holdings
Withdrawn status Lost status Source of classification or shelving scheme Damaged status Not for loan Home library Current library Date acquired Source of acquisition Cost, normal purchase price Inventory number Total Checkouts Full call number Barcode Date last seen Price effective from Koha item type Date checked out
    Universal Decimal Classification     ЧЗ - Читальна зала ЧЗ - Читальна зала 14/03/2011 30/2011 92.00 131226   330.4(075.8) Е45 131226 03/12/2021 14/03/2011 Books  
    Universal Decimal Classification     ЧЗ - Читальна зала ЧЗ - Читальна зала 14/03/2011 30/2011 92.00 131227   330.4(075.8) Е45 131227 03/12/2021 14/03/2011 Books  
    Universal Decimal Classification     ЧЗ - Читальна зала ЧЗ - Читальна зала 14/03/2011 30/2011 92.00 131228   330.4(075.8) Е45 131228 07/02/2022 14/03/2011 Books  
    Universal Decimal Classification     ЧЗ - Читальна зала ЧЗ - Читальна зала 14/03/2011 30/2011 92.00 131229   330.4(075.8) Е45 131229 07/02/2022 14/03/2011 Books  
    Universal Decimal Classification     ЧЗ - Читальна зала ЧЗ - Читальна зала 15/06/2011 78/2011 92.00 133042 1 330.4:519.86(075.8) Е45 133042 06/02/2022 15/06/2011 Books 02/09/2021
    Universal Decimal Classification     ЧЗ - Читальна зала ЧЗ - Читальна зала 15/06/2011 78/2011 92.00 133043   330.4:519.86(075.8) Е45 133043 07/02/2022 15/06/2011 Books  
    Universal Decimal Classification     ЧЗ - Читальна зала ЧЗ - Читальна зала 15/06/2011 78/2011 92.00 133044   330.4:519.86(075.8) Е45 133044 03/12/2021 15/06/2011 Books  
    Universal Decimal Classification     ЧЗ - Читальна зала ЧЗ - Читальна зала 15/06/2011 78/2011 92.00 133045   330.4:519.86(075.8) Е45 133045 03/12/2021 15/06/2011 Books